[Event "XLV Open Internacional Barbera del Valles 2023"]
[Site "Barberà del Vallès"]
[Date "2023.07.09"]
[Round "6.1"]
[White "Janzelj, Tim"]
[Black "Grigoryan, Karen H."]
[Result "1/2-1/2"]
[BlackElo "2621"]
[WhiteElo "2453"]
[LiveChessVersion "1.4.8"]

1. e4 {[%clk 1:30:52]} c5 {[%clk 1:30:45]} 2. c3 Nf6 {[%clk 1:29:08]} 3. e5
{[%clk 1:31:38]} Nd5 {[%clk 1:29:32]} 4. Nf3 {[%clk 1:31:35]} e6 {[%clk 1:29:46]}
5. d4 {[%clk 1:32:00]} cxd4 {[%clk 1:30:09]} 6. cxd4 {[%clk 1:32:01]} d6
{[%clk 1:30:08]} 7. Bc4 {[%clk 1:31:26]} Nb6 {[%clk 1:26:05]} 8. Bd3 dxe5
{[%clk 1:26:23]} 9. dxe5 {[%clk 1:31:06]} Be7 {[%clk 1:26:32]} 10. O-O
{[%clk 1:28:54]} Bd7 {[%clk 1:26:27]} 11. Qe2 {[%clk 1:28:22]} Bc6
{[%clk 1:25:56]} 12. Nc3 {[%clk 1:24:16]} N8d7 {[%clk 1:12:18]} 13. Bf4 Nd5
{[%clk 1:12:40]} 14. Nxd5 {[%clk 1:23:19]} Bxd5 {[%clk 0:56:08]} 15. Rad1
{[%clk 1:01:32]} Rc8 {[%clk 0:53:32]} 16. Rfe1 {[%clk 0:50:21]} O-O
{[%clk 0:50:29]} 17. Be4 {[%clk 0:50:42]} Bxe4 {[%clk 0:50:53]} 18. Qxe4
{[%clk 0:43:52]} Qc7 {[%clk 0:47:00]} 19. Ng5 {[%clk 0:44:15]} Bxg5
{[%clk 0:47:13]} 20. Bxg5 {[%clk 0:27:58]} Nb6 {[%clk 0:47:28]} 21. Qg4
{[%clk 0:26:54]} Kh8 {[%clk 0:46:38]} 22. Rc1 {[%clk 0:25:17]} Qd7
{[%clk 0:44:38]} 23. Rcd1 {[%clk 0:24:37]} Nd5 {[%clk 0:41:30]} 24. Rd3
{[%clk 0:19:48]} Qb5 {[%clk 0:38:00]} 25. Rg3 {[%clk 0:09:09]} Qc4
{[%clk 0:37:43]} 26. Qh5 Qc2 {[%clk 0:32:22]} 27. h3 {[%clk 0:05:46]} Qxb2
{[%clk 0:26:27]} 28. Rg4 {[%clk 0:05:57]} Qc2 {[%clk 0:25:45]} 29. Ree4
{[%clk 0:03:10]} Nc3 30. Bh6 {[%clk 0:03:39]} gxh6 {[%clk 0:20:29]} 31. Qxh6
{[%clk 0:04:08]} Qc1+ {[%clk 0:20:47]} 32. Qxc1 {[%clk 0:04:37]} Ne2+
{[%clk 0:21:09]} 33. Rxe2 {[%clk 0:05:06]} Rxc1+ {[%clk 0:21:31]} 34. Kh2
{[%clk 0:05:18]} Rg8 {[%clk 0:20:30]} 35. Rd4 {[%clk 0:05:21]} Rc7
{[%clk 0:19:54]} 36. Red2 Rgc8 {[%clk 0:20:18]} 37. g4 {[%clk 0:05:16]} Kg7
{[%clk 0:20:00]} 38. f4 {[%clk 0:05:52]} Rc2 39. Kg3 {[%clk 0:06:21]} Rxd2
{[%clk 0:19:41]} 40. Rxd2 {[%clk 0:05:14]} Rc3+ 41. Kh4 {[%clk 0:05:42]} Rf3
{[%clk 0:20:04]} 42. Rd4 {[%clk 0:03:25]} Kg6 {[%clk 0:19:44]} 43. a4
{[%clk 0:03:35]} b6 {[%clk 0:18:52]} 44. Rc4 Rd3 {[%clk 0:19:12]} 45. Rc6
{[%clk 0:02:05]} Kg7 {[%clk 0:18:48]} 46. Rc4 {[%clk 0:00:41]} a5
{[%clk 0:19:08]} 47. Rc6 {[%clk 0:01:03]} Rd4 {[%clk 0:16:15]} 48. Kg3
{[%clk 0:01:32]} Rxa4 {[%clk 0:18:30]} 49. Rxb6 {[%clk 0:01:56]} Ra3+
{[%clk 0:17:51]} 50. Kg2 {[%clk 0:02:24]} Ra2+ {[%clk 0:16:31]} 51. Kf3
{[%clk 0:02:49]} Ra3+ {[%clk 0:17:07]} 52. Kg2 {[%clk 0:03:03]} Ra2+ 53. Kf3
1/2-1/2

[Event "XLV Open Internacional Barbera del Valles 2023"]
[Site "Barberà del Vallès"]
[Date "2023.07.09"]
[Round "6.2"]
[White "Stremavicius, Titas"]
[Black "Asis Gargatagli, Hipolito"]
[Result "1/2-1/2"]
[BlackElo "2530"]
[WhiteElo "2549"]
[LiveChessVersion "1.4.8"]

1. d4 {[%clk 1:30:56]} Nf6 {[%clk 1:30:49]} 2. Nf3 {[%clk 1:31:18]} g6
{[%clk 1:31:00]} 3. Nbd2 {[%clk 1:31:40]} c5 {[%clk 1:26:56]} 4. dxc5
{[%clk 1:32:00]} Qa5 {[%clk 1:27:18]} 5. a3 {[%clk 1:32:22]} Qxc5
{[%clk 1:27:22]} 6. b4 {[%clk 1:32:42]} Qc7 {[%clk 1:27:18]} 7. Bb2
{[%clk 1:33:00]} Bg7 {[%clk 1:27:41]} 8. c4 {[%clk 1:33:02]} d6 {[%clk 1:27:26]}
9. e3 {[%clk 1:32:38]} O-O {[%clk 1:26:33]} 10. Be2 {[%clk 1:32:58]} Nbd7
{[%clk 1:26:15]} 11. O-O {[%clk 1:32:57]} b6 {[%clk 1:26:11]} 12. Qb3
{[%clk 1:31:06]} Bb7 {[%clk 1:25:37]} 13. Rac1 {[%clk 1:31:25]} Rac8
{[%clk 1:25:08]} 14. Rfd1 {[%clk 1:23:55]} Qb8 {[%clk 1:21:16]} 15. Nb1
{[%clk 1:19:08]} Qa8 {[%clk 1:13:55]} 16. Nc3 {[%clk 1:13:06]} a6
{[%clk 1:03:09]} 17. Na4 {[%clk 1:04:45]} Bc6 {[%clk 0:59:23]} 18. Ne1
{[%clk 1:01:04]} Rc7 {[%clk 0:47:53]} 19. Bf1 {[%clk 0:45:17]} Rfc8
{[%clk 0:41:58]} 20. Nd3 {[%clk 0:45:23]} b5 {[%clk 0:36:50]} 21. Nc3
{[%clk 0:42:31]} bxc4 {[%clk 0:32:47]} 22. Qxc4 {[%clk 0:42:56]} Bf3
{[%clk 0:13:57]} 23. Qb3 {[%clk 0:35:33]} Bxd1 24. Rxd1 {[%clk 0:36:00]} e6
{[%clk 0:05:40]} 25. b5 {[%clk 0:35:27]} axb5 {[%clk 0:05:02]} 26. Nxb5
{[%clk 0:35:53]} Rb7 {[%clk 0:05:17]} 27. a4 {[%clk 0:36:02]} d5 {[%clk 0:04:35]}
28. Ra1 {[%clk 0:35:30]} Qa5 {[%clk 0:03:19]} 29. Ba3 {[%clk 0:32:46]} Ne4
{[%clk 0:03:29]} 30. Ra2 {[%clk 0:31:17]} Nd2 {[%clk 0:02:22]} 31. Qd1
{[%clk 0:30:29]} Nc4 {[%clk 0:01:28]} 32. Bb4 {[%clk 0:30:39]} Qa8
{[%clk 0:01:31]} 33. Qb3 {[%clk 0:28:30]} Rc6 {[%clk 0:01:48]} 34. e4
{[%clk 0:27:10]} Ra6 {[%clk 0:01:35]} 35. exd5 {[%clk 0:25:11]} exd5
{[%clk 0:02:01]} 36. Be1 {[%clk 0:24:51]} Bf8 {[%clk 0:01:25]} 37. Nf4
{[%clk 0:24:50]} Nc5 {[%clk 0:01:52]} 38. Qd1 {[%clk 0:21:24]} Rxb5
{[%clk 0:02:12]} 39. Nxd5 {[%clk 0:21:52]} Rxa4 {[%clk 0:01:06]} 40. Nc7
{[%clk 0:11:52]} Rxa2 {[%clk 0:01:17]} 41. Nxa8 Rxa8 {[%clk 0:01:33]} 42. Bxc4
{[%clk 0:12:31]} Rb7 {[%clk 0:01:27]} 43. g3 {[%clk 0:08:45]} Rd7
{[%clk 0:01:21]} 44. Qb1 {[%clk 0:08:21]} Rb7 {[%clk 0:01:00]} 45. Qd1
{[%clk 0:08:44]} Rd7 {[%clk 0:01:26]} 46. Qb1 {[%clk 0:09:10]} Rb7
{[%clk 0:01:53]} 1/2-1/2

[Event "XLV Open Internacional Barbera del Valles 2023"]
[Site "Barberà del Vallès"]
[Date "2023.07.09"]
[Round "6.3"]
[White "Alsina Leal, Daniel"]
[Black "Ayats Llobera, Gerard"]
[Result "1-0"]
[BlackElo "2452"]
[WhiteElo "2519"]
[LiveChessVersion "1.4.8"]

1. e4 {[%clk 1:30:45]} g6 {[%clk 1:30:53]} 2. d4 {[%clk 1:30:40]} Bg7
{[%clk 1:31:19]} 3. Nc3 {[%clk 1:30:46]} d6 {[%clk 1:31:45]} 4. Bg5
{[%clk 1:27:47]} c6 {[%clk 1:31:44]} 5. Qd2 {[%clk 1:24:25]} b5 {[%clk 1:32:09]}
6. f4 {[%clk 1:17:00]} b4 {[%clk 1:32:29]} 7. Nce2 {[%clk 1:06:10]} Nd7
{[%clk 1:27:27]} 8. Nf3 Ngf6 {[%clk 1:19:23]} 9. Ng3 {[%clk 0:58:32]} O-O 10. Bd3
{[%clk 0:49:45]} Qb6 {[%clk 1:04:44]} 11. f5 c5 12. h4 {[%clk 0:43:43]} cxd4
{[%clk 0:40:06]} 13. h5 {[%clk 0:37:12]} Ne5 {[%clk 0:34:02]} 14. Nxe5 dxe5 15.
hxg6 {[%clk 0:34:28]} fxg6 {[%clk 0:33:13]} 16. Bc4+ {[%clk 0:28:43]} e6 17.
O-O-O {[%clk 0:20:48]} gxf5 {[%clk 0:10:22]} 18. Bxf6 Rxf6 {[%clk 0:08:16]} 19.
Nxf5 {[%clk 0:18:52]} Bf8 {[%clk 0:08:23]} 20. Qg5+ {[%clk 0:16:14]} Rg6
{[%clk 0:08:50]} 21. Ne7+ {[%clk 0:16:31]} Bxe7 {[%clk 0:08:38]} 22. Qxe7
{[%clk 0:16:54]} Qb7 {[%clk 0:08:41]} 23. Qe8+ {[%clk 0:15:58]} Kg7
{[%clk 0:09:09]} 1-0

[Event "XLV Open Internacional Barbera del Valles 2023"]
[Site "Barberà del Vallès"]
[Date "2023.07.09"]
[Round "6.4"]
[White "Cuartas, Jaime Alexander"]
[Black "Fernandez Borrego, Pablo"]
[Result "1-0"]
[BlackElo "2402"]
[WhiteElo "2526"]
[LiveChessVersion "1.4.8"]

1. e4 c5 2. Nf3 e6 3. c4 d6 4. d4 cxd4 5. Nxd4 Nf6 6. Nc3 Be7 7. Be2 a6 8. O-O
O-O 9. Be3 Qc7 10. Rc1 b6 11. f3 Bb7 12. Qd2 Nbd7 13. Rfd1 Rfe8 14. Kh1 Rac8 15.
Bg1 Qb8 16. Bf1 Bd8 17. Nc2 Bc7 18. Ne3 Ne5 19. a4 Rcd8 20. Qf2 Nc6 21. Qc2 Rd7
22. Rd2 Red8 23. Rcd1 Qa8 24. b3 h6 25. Qb2 Ne7 26. Ne2 Ng6 27. b4 b5 28. cxb5
axb5 29. a5 d5 30. exd5 Be5 31. Qa3 Nxd5 32. Nxd5 Bxd5 33. Nc3 Bxc3 34. Qxc3 Nh4
35. Bb6 Rc8 36. Bc5 Qc6 37. Kg1 Nf5 38. Qe5 f6 39. Qe1 Kf7 40. Bd3 Nd6 41. Qg3 g5
42. Bxd6 Rxd6 43. Bxb5 Qc7 44. Bf1 Rcd8 45. Qf2 Rb8 46. Rc2 Qd8 47. Qc5 Rd7 48.
a6 h5 49. h3 g4 50. hxg4 hxg4 51. fxg4 Qg8 52. Rf2 Qxg4 53. Rd4 Qh5 54. Rd3 Qg5
55. Rh3 Kg8 56. b5 Rg7 57. b6 Qg4 58. Kh2 f5 59. Qd6 Re8 60. b7 f4 61. b8=Q Qg3+
62. Rxg3 fxg3+ 63. Qxg3 1-0

[Event "XLV Open Internacional Barbera del Valles 2023"]
[Site "Barberà del Vallès"]
[Date "2023.07.09"]
[Round "6.5"]
[White "Ilamparthi, A R"]
[Black "Solodovnichenko, Yuri"]
[Result "1/2-1/2"]
[BlackElo "2520"]
[WhiteElo "2393"]
[LiveChessVersion "1.4.8"]

1. e4 {[%clk 1:30:58]} c5 {[%clk 1:30:55]} 2. Nf3 {[%clk 1:31:21]} d6
{[%clk 1:31:19]} 3. d4 {[%clk 1:31:47]} cxd4 {[%clk 1:31:35]} 4. Nxd4
{[%clk 1:32:12]} Nf6 {[%clk 1:31:58]} 5. Nc3 {[%clk 1:32:36]} a6 {[%clk 1:32:23]}
6. h3 e5 {[%clk 1:22:34]} 7. Nf3 {[%clk 1:33:01]} Qc7 8. a4 {[%clk 1:22:12]} b6
{[%clk 1:17:54]} 9. Bd3 {[%clk 1:18:18]} Be7 {[%clk 1:16:03]} 10. Nh2 Bb7
{[%clk 1:11:50]} 11. Ng4 {[%clk 1:16:54]} Nbd7 {[%clk 1:10:35]} 12. Ne3
{[%clk 1:14:30]} Nc5 13. Ned5 {[%clk 1:12:08]} Nxd5 {[%clk 1:08:48]} 14. Nxd5
{[%clk 1:12:35]} Bxd5 {[%clk 1:09:02]} 15. exd5 {[%clk 1:13:02]} O-O
{[%clk 1:05:44]} 16. O-O {[%clk 1:12:34]} f5 {[%clk 1:03:51]} 17. Be2
{[%clk 1:00:03]} Bf6 {[%clk 0:57:43]} 18. Ra3 e4 {[%clk 0:56:45]} 19. f4
{[%clk 0:55:11]} b5 {[%clk 0:56:46]} 20. axb5 {[%clk 0:43:45]} axb5
{[%clk 0:55:06]} 21. Bxb5 {[%clk 0:42:11]} Qb6 22. Bc6 Rxa3 {[%clk 0:39:53]} 23.
bxa3 {[%clk 0:42:39]} Nd3+ {[%clk 0:39:48]} 24. Kh2 {[%clk 0:42:57]} Nxc1
{[%clk 0:40:08]} 25. Qxc1 Rb8 26. a4 {[%clk 0:42:17]} Qc5 {[%clk 0:39:27]} 27.
Bb5 {[%clk 0:32:03]} Qc3 28. Qe1 Qxc2 {[%clk 0:20:05]} 29. Qb4 {[%clk 0:29:46]}
Qc7 {[%clk 0:15:54]} 30. Qd2 Qc5 31. Rc1 {[%clk 0:20:13]} Qa3 {[%clk 0:16:20]}
32. Rc7 {[%clk 0:19:16]} Bd8 33. Qc3 {[%clk 0:15:38]} Qxc3 {[%clk 0:15:54]} 34.
Rxc3 {[%clk 0:16:01]} Ba5 35. Rc2 Kf7 {[%clk 0:11:14]} 36. g4 {[%clk 0:10:47]} g5
{[%clk 0:10:03]} 37. fxg5 {[%clk 0:08:34]} fxg4 38. Re2 {[%clk 0:05:41]} gxh3
{[%clk 0:09:39]} 39. Rxe4 Kg6 {[%clk 0:08:31]} 40. Kxh3 {[%clk 0:04:00]} Kxg5 41.
Re6 Bb4 {[%clk 0:08:32]} 42. Kg3 {[%clk 0:03:58]} h5 43. Re8 h4+ {[%clk 0:06:37]}
44. Kh3 {[%clk 0:02:35]} Rxe8 {[%clk 0:06:51]} 45. Bxe8 {[%clk 0:03:03]} 1/2-1/2

[Event "XLV Open Internacional Barbera del Valles 2023"]
[Site "Barberà del Vallès"]
[Date "2023.07.09"]
[Round "6.6"]
[White "Dotzer, Lukas"]
[Black "Berdayes Ason, Dylan Isidro"]
[Result "1-0"]
[BlackElo "2509"]
[WhiteElo "2369"]
[LiveChessVersion "1.4.8"]

1. e4 c5 2. Nf3 e6 3. d4 cxd4 4. Nxd4 Nc6 5. Nc3 a6 6. g3 Nxd4 7. Qxd4 b5 8. Bf4
f6 9. O-O-O Ne7 10. Bd6 Nc6 11. Qc5 Bxd6 12. Rxd6 Ne5 13. Bg2 Bb7 14. Rhd1 Qc8
15. Qxc8+ Bxc8 16. f4 Nf7 17. Rb6 Ra7 18. Bh3 Ke7 19. a4 bxa4 20. Nxa4 h5 21. Bf1
d6 22. Bc4 h4 23. Rb8 Rc7 24. b3 hxg3 25. hxg3 Rh2 26. Rd2 Rh1+ 27. Kb2 Re1 28.
Nb6 Bb7 29. Bxe6 Rxe4 30. Bd5 Rb4 31. Re2+ Ne5 32. Rxb7 1-0

[Event "XLV Open Internacional Barbera del Valles 2023"]
[Site "Barberà del Vallès"]
[Date "2023.07.09"]
[Round "6.7"]
[White "Escalante Ramirez, Brian Sebasti"]
[Black "Juksta, Karolis"]
[Result "1/2-1/2"]
[BlackElo "2384"]
[WhiteElo "2488"]
[LiveChessVersion "1.4.8"]

1. e4 e5 2. Nf3 Nf6 3. Nxe5 d6 4. Nf3 Nxe4 5. d3 Nf6 6. d4 d5 7. Bd3 Bd6 8. Qe2+
Be6 9. Ng5 Qe7 10. Nxe6 fxe6 11. c3 O-O 12. O-O c5 13. Nd2 cxd4 14. cxd4 Nc6 15.
Nf3 Rae8 16. Bd2 e5 17. dxe5 Nxe5 18. Bc3 Nxf3+ 19. Qxf3 Be5 20. Rae1 Qd6 21.
Bxe5 Rxe5 22. Qg3 Rfe8 23. Rxe5 Qxe5 24. Qxe5 Rxe5 25. Rc1 Kf7 26. f3 Re7 27. Kf2
h6 28. Bf5 Ne8 29. Rd1 Nc7 30. f4 Kf6 31. Bc8 Re4 32. Kf3 Rb4 33. b3 g5 34. g3 a5
35. Rc1 Ne6 36. fxg5+ hxg5 37. Bxe6 Kxe6 38. Rc7 a4 39. bxa4 Rxa4 40. Rxb7 g4+
41. Ke3 Rxa2 42. Rb4 Rxh2 43. Rxg4 Kf5 44. Rf4+ Kg5 45. Rd4 Ra2 46. Rxd5+ Kg4 47.
Rd2 Rxd2 48. Kxd2 Kxg3 1/2-1/2

[Event "XLV Open Internacional Barbera del Valles 2023"]
[Site "Barberà del Vallès"]
[Date "2023.07.09"]
[Round "6.8"]
[White "Jimenez Garcia, Emmanuel"]
[Black "Alcala Gonzalez, Cesar"]
[Result "1-0"]
[BlackElo "2329"]
[WhiteElo "2437"]
[LiveChessVersion "1.4.8"]

1. Nf3 {[%clk 1:28:06]} d5 {[%clk 1:30:53]} 2. g3 {[%clk 1:28:32]} Nf6
{[%clk 1:31:04]} 3. Bg2 {[%clk 1:28:52]} c6 {[%clk 1:31:30]} 4. c4
{[%clk 1:28:50]} Bg4 {[%clk 1:31:40]} 5. Ne5 {[%clk 1:28:41]} Be6
{[%clk 1:32:02]} 6. d4 {[%clk 1:28:41]} dxc4 {[%clk 1:27:08]} 7. O-O
{[%clk 1:28:37]} Nbd7 {[%clk 1:25:21]} 8. Qc2 {[%clk 1:28:09]} Nxe5
{[%clk 1:08:15]} 9. dxe5 {[%clk 1:28:33]} Nd7 {[%clk 1:08:42]} 10. Nd2
{[%clk 1:28:57]} g6 {[%clk 0:59:58]} 11. Nxc4 {[%clk 1:27:13]} Bxc4
{[%clk 0:58:17]} 12. Qxc4 {[%clk 1:27:13]} Nxe5 {[%clk 0:58:41]} 13. Qc3
{[%clk 1:24:24]} f6 {[%clk 0:57:29]} 14. f4 {[%clk 1:23:13]} Ng4 15. h3
{[%clk 1:15:49]} Qb6+ {[%clk 0:47:27]} 16. Kh1 {[%clk 1:13:20]} h5
{[%clk 0:47:14]} 17. Be4 {[%clk 0:59:26]} O-O-O {[%clk 0:36:21]} 18. hxg4
{[%clk 0:58:55]} hxg4+ {[%clk 0:36:45]} 19. Kg2 {[%clk 0:59:20]} Qb5
{[%clk 0:36:19]} 20. Be3 {[%clk 0:58:20]} Bg7 21. Qb3 {[%clk 0:50:05]} Qxe2+
{[%clk 0:29:49]} 22. Rf2 {[%clk 0:50:29]} Qa6 {[%clk 0:30:15]} 23. Bxg6
{[%clk 0:47:11]} c5 {[%clk 0:24:55]} 24. Bf5+ {[%clk 0:34:05]} Kb8
{[%clk 0:21:56]} 25. Qe6 {[%clk 0:30:42]} Qa4 {[%clk 0:13:36]} 26. Bxg4
{[%clk 0:28:29]} Rd6 {[%clk 0:10:58]} 27. Qxe7 {[%clk 0:26:48]} Bf8
{[%clk 0:11:10]} 28. Qf7 {[%clk 0:25:11]} Qc6+ {[%clk 0:10:02]} 29. Bf3
{[%clk 0:25:28]} Qc8 {[%clk 0:10:32]} 30. f5 {[%clk 0:25:34]} 1-0

[Event "XLV Open Internacional Barbera del Valles 2023"]
[Site "Barberà del Vallès"]
[Date "2023.07.09"]
[Round "6.9"]
[White "Valenzuela Gomez, Fernando"]
[Black "Savitha, Shri B"]
[Result "1-0"]
[BlackElo "2426"]
[WhiteElo "2403"]
[LiveChessVersion "1.4.8"]

1. e4 {[%clk 1:27:44]} c5 {[%clk 1:29:42]} 2. Nf3 {[%clk 1:27:33]} e6
{[%clk 1:30:07]} 3. Nc3 {[%clk 1:27:40]} Nc6 {[%clk 1:29:10]} 4. d4
{[%clk 1:27:59]} cxd4 {[%clk 1:29:35]} 5. Nxd4 {[%clk 1:28:22]} Nf6
{[%clk 1:29:58]} 6. Ndb5 {[%clk 1:28:39]} d6 {[%clk 1:28:59]} 7. Bf4
{[%clk 1:28:54]} e5 {[%clk 1:29:27]} 8. Bg5 {[%clk 1:29:15]} a6 {[%clk 1:29:14]}
9. Na3 {[%clk 1:29:42]} b5 {[%clk 1:28:51]} 10. Nab1 {[%clk 1:30:08]} Be7
{[%clk 1:27:37]} 11. Bxf6 {[%clk 1:26:05]} Bxf6 {[%clk 1:27:48]} 12. a4
{[%clk 1:26:29]} b4 {[%clk 1:24:46]} 13. Nd5 {[%clk 1:25:23]} O-O
{[%clk 1:24:46]} 14. Bc4 {[%clk 1:25:47]} Be6 {[%clk 1:19:28]} 15. O-O
{[%clk 1:25:08]} Bg5 {[%clk 1:17:13]} 16. Qd3 {[%clk 1:25:27]} a5
{[%clk 1:14:52]} 17. Nd2 Bxd2 {[%clk 1:03:13]} 18. Qxd2 {[%clk 1:23:33]} Rc8
{[%clk 1:03:02]} 19. Ba6 {[%clk 1:20:58]} Rb8 {[%clk 1:02:56]} 20. c3 Bxd5 21.
Qxd5 {[%clk 1:15:46]} Ne7 {[%clk 0:49:12]} 22. Qd3 {[%clk 1:13:39]} bxc3
{[%clk 0:40:50]} 23. bxc3 {[%clk 1:12:09]} d5 {[%clk 0:38:58]} 24. Bb5 dxe4
{[%clk 0:38:14]} 25. Qxe4 {[%clk 1:11:12]} Qc7 {[%clk 0:38:43]} 26. Rfe1 Ng6
{[%clk 0:35:29]} 27. h4 {[%clk 1:11:33]} h5 {[%clk 0:28:02]} 28. g3
{[%clk 0:41:11]} Rb6 {[%clk 0:24:57]} 29. Qe3 {[%clk 0:39:22]} Rf6
{[%clk 0:22:53]} 30. Rad1 {[%clk 0:34:12]} Rc8 {[%clk 0:17:24]} 31. c4 Qe7 32.
Rd7 {[%clk 0:32:06]} Qe6 {[%clk 0:13:42]} 33. Rd5 {[%clk 0:30:45]} Rc7 34. Rd8+
{[%clk 0:20:55]} Kh7 {[%clk 0:13:08]} 35. c5 {[%clk 0:19:00]} e4 36. Rd6
{[%clk 0:17:11]} Qe5 {[%clk 0:07:53]} 37. Rxf6 {[%clk 0:17:27]} gxf6
{[%clk 0:07:45]} 38. c6 {[%clk 0:17:25]} Re7 {[%clk 0:06:57]} 39. Rc1
{[%clk 0:16:36]} f5 {[%clk 0:05:17]} 40. Rc5 {[%clk 0:12:32]} Qa1+
{[%clk 0:05:44]} 41. Kh2 {[%clk 0:11:58]} Ne5 {[%clk 0:05:49]} 42. Be2 Rc7
{[%clk 0:01:51]} 43. Qf4 {[%clk 0:11:08]} f6 {[%clk 0:01:24]} 44. Qxf5+
{[%clk 0:11:28]} Kg7 {[%clk 0:01:51]} 45. Qxe4 {[%clk 0:08:15]} Re7
{[%clk 0:00:33]} 46. c7 {[%clk 0:07:43]} Qe1 47. c8=Q {[%clk 0:07:09]} Qxf2+
{[%clk 0:01:01]} 48. Qg2 {[%clk 0:07:18]} 1-0

[Event "XLV Open Internacional Barbera del Valles 2023"]
[Site "Barberà del Vallès"]
[Date "2023.07.09"]
[Round "6.10"]
[White "Vivaan, Vijay Saraogi"]
[Black "Narciso Dublan, Marc"]
[Result "0-1"]
[BlackElo "2424"]
[WhiteElo "1739"]
[LiveChessVersion "1.4.8"]

1. e4 {[%clk 1:29:44]} Nf6 2. e5 {[%clk 1:30:01]} Nd5 {[%clk 1:31:19]} 3. c4
{[%clk 1:30:27]} Nb6 {[%clk 1:31:42]} 4. d4 {[%clk 1:30:48]} d6 {[%clk 1:32:03]}
5. exd6 {[%clk 1:31:12]} exd6 {[%clk 1:32:25]} 6. Nc3 {[%clk 1:31:52]} Be7
{[%clk 1:31:33]} 7. Nf3 {[%clk 1:32:11]} O-O {[%clk 1:24:51]} 8. Be2
{[%clk 1:30:00]} c6 {[%clk 1:22:04]} 9. O-O {[%clk 1:29:15]} Re8 {[%clk 1:18:29]}
10. Be3 {[%clk 1:25:03]} Bf6 {[%clk 1:17:51]} 11. Qb3 {[%clk 1:24:46]} d5
{[%clk 1:18:12]} 12. c5 {[%clk 1:22:27]} N6d7 {[%clk 1:18:14]} 13. Rfe1
{[%clk 1:15:23]} Nf8 {[%clk 1:15:40]} 14. Bd3 {[%clk 0:43:06]} Nbd7
{[%clk 1:12:14]} 15. Qc2 {[%clk 0:39:11]} g6 16. g3 {[%clk 0:39:15]} Ne6
{[%clk 1:07:18]} 17. h4 {[%clk 0:33:15]} Ndf8 18. Ne2 {[%clk 0:33:33]} Ng7
{[%clk 1:01:33]} 19. Bf4 {[%clk 0:33:51]} Bg4 {[%clk 1:00:49]} 20. Ne5
{[%clk 0:32:58]} Bxe2 {[%clk 0:54:43]} 21. Rxe2 {[%clk 0:31:35]} Nge6 22. Be3
Bxe5 {[%clk 0:52:36]} 23. dxe5 {[%clk 0:31:57]} Nd7 24. f4 {[%clk 0:20:35]} d4
{[%clk 0:51:30]} 25. Bf2 {[%clk 0:13:11]} Ndxc5 26. Rd1 {[%clk 0:12:30]} Nxd3
{[%clk 0:50:33]} 27. Qxd3 c5 28. f5 {[%clk 0:05:01]} gxf5 {[%clk 0:34:45]} 29.
Qxf5 {[%clk 0:05:09]} Qd5 30. Re4 Ng7 {[%clk 0:33:17]} 31. Rg4 {[%clk 0:05:31]}
Qxe5 32. Qxe5 {[%clk 0:01:25]} Rxe5 {[%clk 0:33:42]} 33. Rdxd4 {[%clk 0:02:01]}
cxd4 {[%clk 0:32:51]} 34. Bxd4 h5 35. Rxg7+ {[%clk 0:02:11]} Kxg7
{[%clk 0:30:47]} 36. Bxe5+ {[%clk 0:02:39]} Kg6 {[%clk 0:31:12]} 37. Kf2
{[%clk 0:02:52]} Kf5 {[%clk 0:31:50]} 38. Bc3 {[%clk 0:02:25]} Kg4
{[%clk 0:31:39]} 39. a3 {[%clk 0:01:39]} Rd8 40. Be5 Rd2+ {[%clk 0:31:21]} 41.
Ke3 {[%clk 0:02:02]} Rg2 42. Bf6 {[%clk 0:01:31]} Rxg3+ {[%clk 0:31:44]} 43. Ke4
{[%clk 0:02:12]} Rf3 44. Bg5 f6 {[%clk 0:32:00]} 45. Be3 {[%clk 0:02:37]} f5+
{[%clk 0:32:22]} 46. Kd4 Kxh4 0-1